[Event "EU-ch U18 Girls 30th"]
[Site "Antalya"]
[Date "2022.11.09"]
[Round "4"]
[White "Ince, Safiye Oyku"]
[Black "Ostensson, Julia"]
[Result "1-0"]
[WhiteElo "2073"]
[BlackElo "1847"]
[PlyCount "43"]
[EventDate "2022.11.06"]
[EventType "swiss"]
[EventRounds "9"]
[EventCountry "TUR"]
[SourceTitle "EXT 2024"]
[Source "ChessBase"]
[SourceDate "2023.10.10"]
[SourceVersion "1"]
[SourceVersionDate "2023.10.10"]
[SourceQuality "1"]

1. e4 d6 2. d4 Nf6 3. Nc3 Nbd7 4. g4 h6 5. h3 e5 6. Nge2 c6 7. Bg2 Be7 8. 0-0 Nf8 9. f4 Qc7 10. a4 N6h7 11. Ng3 Ng6 12. Nh5 Rg8 13. d5 exf4 14. Nxf4 Ne5 15. a5 c5 16. Nd3 Bf6 17. Bf4 Qe7 18. Nb5 a6 19. Bxe5 axb5 20. Bxf6 Nxf6 21. e5 dxe5 22. Nxe5 1-0

[Event "TUR-ch (Women)"]
[Site "Ayvalik"]
[Date "2022.03.10"]
[Round "8"]
[White "Gokbulut, Julia"]
[Black "Ince, Safiye Oyku"]
[Result "1-0"]
[WhiteElo "1902"]
[BlackElo "1893"]
[PlyCount "77"]
[EventDate "2022.03.05"]
[EventType "swiss"]
[EventRounds "9"]
[EventCountry "TUR"]
[SourceTitle "EXT 2023"]
[Source "ChessBase"]
[SourceDate "2022.10.05"]
[SourceVersion "1"]
[SourceVersionDate "2022.10.05"]
[SourceQuality "1"]

1. d4 Nf6 2. c4 e6 3. Nf3 b6 4. g3 Ba6 5. b3 Bb4+ 6. Bd2 Be7 7. Bg2 c6 8. 0-0 0-0 9. Qc2 d5 10. a4 Nbd7 11. Bf4 Nh5 12. Bc1 f5 13. e3 Rc8 14. Rd1 g5 15. Ba3 g4 16. Bxe7 Qxe7 17. Nfd2 Nhf6 18. Nc3 Ne4 19. Ndxe4 fxe4 20. a5 b5 21. Qe2 Nf6 22. c5 h5 23. Na2 Rc7 24. Nb4 Bc8 25. a6 e5 26. Ra2 Nh7 27. Qc2 Ng5 28. Qc3 Nh3+ 29. Bxh3 exd4 30. Qxd4 gxh3 31. Nxc6 Rxc6 32. Qxd5+ Qe6 33. Qxh5 Bxa6 34. Rd5 Rf7 35. Rad2 Rc8 36. Rd6 Qxb3 37. Qg6+ Kf8 38. Rd8+ Rxd8 39. Rxd8+ 1-0

[Event "TUR-ch (Women)"]
[Site "Ayvalik"]
[Date "2022.03.05"]
[Round "1"]
[White "Ince, Safiye Oyku"]
[Black "Yardak, Aybuke"]
[Result "1/2-1/2"]
[WhiteElo "1893"]
[BlackElo "1025"]
[PlyCount "62"]
[EventDate "2022.03.05"]
[EventType "swiss"]
[EventRounds "9"]
[EventCountry "TUR"]
[SourceTitle "EXT 2023"]
[Source "ChessBase"]
[SourceDate "2022.10.05"]
[SourceVersion "1"]
[SourceVersionDate "2022.10.05"]
[SourceQuality "1"]

1. e4 c5 2. Nf3 d6 3. d4 cxd4 4. Nxd4 Nf6 5. Nc3 g6 6. Be3 Bg7 7. Bc4 0-0 8. Bb3 Nc6 9. h3 a6 10. 0-0 Qc7 11. Re1 Na5 12. Nd5 Nxd5 13. exd5 Nc4 14. c3 Nxe3 15. Rxe3 Re8 16. Qd3 Bxd4 17. Qxd4 e5 18. dxe6 Bxe6 19. Rae1 Qd7 20. Bxe6 Rxe6 21. Rxe6 fxe6 22. c4 Rd8 23. f4 Kf7 24. Re3 Qc6 25. f5 gxf5 26. Qh4 Rg8 27. Qxh7+ Rg7 28. Qh5+ Ke7 29. Qe2 Qb6 30. Kh1 e5 31. Qf2 Qd4 1/2-1/2

[Event "Mentese Flowers (Women)"]
[Site "Mentese"]
[Date "2022.02.10"]
[Round "9"]
[White "Ince, Safiye Oyku"]
[Black "Ahmad, Al Khatib"]
[Result "1-0"]
[WhiteElo "1893"]
[BlackElo "2219"]
[PlyCount "87"]
[EventDate "2022.02.06"]
[EventType "schev"]
[EventRounds "10"]
[EventCountry "TUR"]
[SourceTitle "CBM 206 Extra"]
[Source "ChessBase"]
[SourceDate "2022.03.31"]
[SourceVersion "1"]
[SourceVersionDate "2022.03.31"]
[SourceQuality "1"]
[WhiteTeam "Red Team"]
[BlackTeam "Blue Team"]
[WhiteTeamCountry "TUR"]
[BlackTeamCountry "TUR"]

1. e4 c6 2. Nf3 d5 3. Nc3 Bg4 4. Be2 Bxf3 5. Bxf3 e6 6. d4 Nf6 7. e5 Nfd7 8. Ne2 c5 9. c3 cxd4 10. cxd4 Bb4+ 11. Bd2 Qa5 12. Bc3 Nc6 13. 0-0 Bxc3 14. bxc3 0-0 15. g3 b5 16. Bg2 Rac8 17. a3 Nb6 18. f4 Na4 19. Rc1 Nb2 20. Qb3 Nc4 21. Rf2 Qxa3 22. Qxb5 a6 23. Qb7 N6a5 24. Qb1 Rb8 25. Qd3 Rb2 26. Re1 Rd2 27. Qf3 Nb2 28. Nc1 Rxf2 29. Kxf2 Rc8 30. Ne2 Qb3 31. Kg1 Qc2 32. f5 Nac4 33. fxe6 fxe6 34. Rf1 Qg6 35. Nf4 Qf7 36. Bh3 Re8 37. Bxe6 Rxe6 38. Nxe6 Qxf3 39. Rxf3 h6 40. Rf8+ Kh7 41. Nc5 a5 42. e6 Nd1 43. e7 Nd6 44. Nb7 1-0

[Event "Mentese Flowers (Women)"]
[Site "Mentese"]
[Date "2022.02.07"]
[Round "4"]
[White "Ahmad, Al Khatib"]
[Black "Ince, Safiye Oyku"]
[Result "1-0"]
[WhiteElo "2219"]
[BlackElo "1893"]
[PlyCount "49"]
[EventDate "2022.02.06"]
[EventType "schev"]
[EventRounds "10"]
[EventCountry "TUR"]
[SourceTitle "CBM 206 Extra"]
[Source "ChessBase"]
[SourceDate "2022.03.31"]
[SourceVersion "1"]
[SourceVersionDate "2022.03.31"]
[SourceQuality "1"]
[WhiteTeam "Blue Team"]
[BlackTeam "Red Team"]
[WhiteTeamCountry "TUR"]
[BlackTeamCountry "TUR"]

1. e4 c5 2. Nf3 e6 3. d4 cxd4 4. Nxd4 Nc6 5. Nc3 Qc7 6. g4 a6 7. Be3 d6 8. Qd2 Nf6 9. f3 Ne5 10. g5 Nfd7 11. f4 Nc4 12. Bxc4 Qxc4 13. 0-0-0 Be7 14. Kb1 Qc7 15. Qf2 b5 16. Rhf1 b4 17. Nce2 Nc5 18. Ng3 0-0 19. f5 exf5 20. exf5 f6 21. g6 h6 22. Nh5 Re8 23. Bxh6 gxh6 24. Qf4 Bf8 25. Nxf6+ 1-0

[Event "Titled Tuesday intern op 18th Jan"]
[Site "Chess.com INT"]
[Date "2022.01.18"]
[Round "7"]
[White "Brahami, Lamine"]
[Black "Ince, Safiye Oyku"]
[Result "1-0"]
[WhiteElo "2244"]
[BlackElo "1893"]
[PlyCount "36"]
[EventDate "2022.01.18"]
[EventType "swiss (blitz)"]
[EventRounds "11"]
[EventCountry "USA"]
[SourceTitle "CBM 206 Extra"]
[Source "ChessBase"]
[SourceDate "2022.03.31"]
[SourceVersion "1"]
[SourceVersionDate "2022.03.31"]
[SourceQuality "1"]

1. d4 Nf6 2. c4 e6 3. Nf3 b6 4. g3 Bb7 5. Bg2 Bb4+ 6. Bd2 Be7 7. 0-0 0-0 8. Nc3 c6 9. e4 d5 10. e5 Nfd7 11. cxd5 cxd5 12. Rc1 a6 13. Ne1 b5 14. Nd3 Qb6 15. Be3 Nc6 16. Qg4 Rfd8 17. Kh1 Ndxe5 18. dxe5 Nxe5 1-0

[Event "Titled Tuesday intern op 18th Jan"]
[Site "Chess.com INT"]
[Date "2022.01.18"]
[Round "9"]
[White "Rodrigues Mota, Romulo Cardoso S"]
[Black "Ince, Safiye Oyku"]
[Result "0-1"]
[WhiteElo "2031"]
[BlackElo "1893"]
[PlyCount "64"]
[EventDate "2022.01.18"]
[EventType "swiss (blitz)"]
[EventRounds "11"]
[EventCountry "USA"]
[SourceTitle "CBM 206 Extra"]
[Source "ChessBase"]
[SourceDate "2022.03.31"]
[SourceVersion "1"]
[SourceVersionDate "2022.03.31"]
[SourceQuality "1"]

1. e4 c5 2. Nf3 e6 3. d4 cxd4 4. Nxd4 a6 5. Be2 Nf6 6. Nc3 Qc7 7. 0-0 b5 8. a3 Bb7 9. Bf3 Nc6 10. Re1 Ne5 11. Bf4 Nxf3+ 12. Qxf3 e5 13. Bg3 d6 14. Nf5 g6 15. Nh6 Bxh6 16. Qxf6 0-0 17. Rad1 Rad8 18. Nd5 Bxd5 19. Rxd5 Bg7 20. Qf3 Qxc2 21. b4 f5 22. Qe3 f4 23. Bxf4 exf4 24. Qa7 Rf7 25. Qxa6 f3 26. g3 Bc3 27. Rf1 Qxe4 28. Rxd6 Rxd6 29. Qxd6 Qf5 30. Qd8+ Kg7 31. Qc7 Be5 32. Qc3 Bxc3 0-1

[Event "Titled Tuesday intern op 07th Dec"]
[Site "Chess.com INT"]
[Date "2021.12.07"]
[Round "7"]
[White "Rodrigues Mota, Romulo Cardoso S"]
[Black "Ince, Safiye Oyku"]
[Result "1-0"]
[WhiteElo "2027"]
[BlackElo "1893"]
[PlyCount "55"]
[EventDate "2021.12.07"]
[EventType "swiss (blitz)"]
[EventRounds "11"]
[EventCountry "USA"]
[SourceTitle "CBM 205 Extra"]
[Source "ChessBase"]
[SourceDate "2022.01.31"]
[SourceVersion "1"]
[SourceVersionDate "2022.01.31"]
[SourceQuality "1"]

1. e4 c5 2. Nf3 e6 3. d4 cxd4 4. Nxd4 a6 5. Be2 b5 6. a3 Bb7 7. Nc3 Qb6 8. Be3 Qc7 9. 0-0 Nf6 10. Bf3 d6 11. Re1 Nbd7 12. g3 Ne5 13. Bg2 Nc4 14. b3 Nxe3 15. Rxe3 Rc8 16. Nce2 Be7 17. Rc1 0-0 18. c4 Qb6 19. cxb5 axb5 20. Qd3 Nd7 21. Qxb5 Rxc1+ 22. Nxc1 Qxd4 23. Qxb7 Qd1+ 24. Bf1 Rd8 25. Qc7 Kf8 26. Rd3 Qg4 27. Rxd6 Bxd6 28. Qxd8# 1-0

[Event "Titled Tuesday intern op 03rd Aug"]
[Site "Chess.com INT"]
[Date "2021.08.03"]
[Round "2"]
[White "Melikhov, Evgeny V"]
[Black "Ince, Safiye Oyku"]
[Result "1-0"]
[WhiteElo "2292"]
[BlackElo "1935"]
[PlyCount "49"]
[EventDate "2021.08.03"]
[EventType "swiss (blitz)"]
[EventRounds "11"]
[EventCountry "USA"]
[SourceTitle "CBM 203 Extra"]
[Source "ChessBase"]
[SourceDate "2021.09.30"]
[SourceVersion "1"]
[SourceVersionDate "2021.09.30"]
[SourceQuality "1"]

1. d4 Nf6 2. c4 e6 3. Nc3 Bb4 4. Qc2 b6 5. e4 Bb7 6. e5 Ne4 7. Nf3 c5 8. Bd3 d5 9. 0-0 Bxc3 10. bxc3 cxd4 11. cxd4 0-0 12. Re1 Nd7 13. cxd5 exd5 14. Ba3 Re8 15. Rac1 Rc8 16. Qb3 Ng5 17. Nxg5 Qxg5 18. Bb5 Qd8 19. Rxc8 Qxc8 20. Rc1 Qd8 21. Qh3 Nf8 22. Bxe8 Qxe8 23. Qc3 Qa4 24. Qb4 Ne6 25. Qxa4 1-0

[Event "TUR-ch (Women)"]
[Site "Corum"]
[Date "2021.06.15"]
[Round "3"]
[White "Ince, Safiye Oyku"]
[Black "Tirpan, Ceren"]
[Result "1-0"]
[WhiteElo "2010"]
[BlackElo "1379"]
[PlyCount "99"]
[EventDate "2021.06.13"]
[EventType "swiss"]
[EventRounds "7"]
[EventCountry "TUR"]
[SourceTitle "CBM 203 Extra"]
[Source "ChessBase"]
[SourceDate "2021.09.30"]
[SourceVersion "1"]
[SourceVersionDate "2021.09.30"]
[SourceQuality "1"]

1. e4 e5 2. Nf3 Nc6 3. Nc3 Bc5 4. Nxe5 Nxe5 5. d4 Bd6 6. dxe5 Bxe5 7. Bd2 Ne7 8. f4 Bd4 9. Qf3 d6 10. 0-0-0 Bd7 11. Qg3 Ng6 12. Bc4 c6 13. Rhf1 Qe7 14. Qd3 Bb6 15. e5 dxe5 16. f5 e4 17. Qxe4 Ne5 18. Rfe1 f6 19. Na4 0-0-0 20. Nxb6+ axb6 21. Bf4 Rhe8 22. Bxe5 fxe5 23. g4 Qg5+ 24. Kb1 Qe7 25. Rd3 Qc5 26. Red1 Kc7 27. a3 Qe7 28. h4 Bc8 29. g5 Rxd3 30. Bxd3 Rf8 31. Rf1 Bd7 32. Qg2 h6 33. Qg3 hxg5 34. hxg5 Qd6 35. Qh4 Qd4 36. Qxd4 exd4 37. f6 gxf6 38. g6 f5 39. Bc4 Kd6 40. g7 Rd8 41. g8Q Rxg8 42. Bxg8 c5 43. Kc1 Ke5 44. Kd2 b5 45. Re1+ Kf6 46. Bd5 b6 47. Rh1 c4 48. Rh7 Be8 49. Rb7 Ke5 50. Re7+ 1-0

[Event "Titled Tuesday intern op 11th May"]
[Site "Chess.com INT"]
[Date "2021.05.11"]
[Round "8"]
[White "Manukian, Artak"]
[Black "Ince, Safiye Oyku"]
[Result "0-1"]
[WhiteElo "2196"]
[BlackElo "2010"]
[PlyCount "34"]
[EventDate "2021.05.11"]
[EventType "swiss (blitz)"]
[EventRounds "11"]
[EventCountry "USA"]
[SourceTitle "CBM 202 Extra"]
[Source "ChessBase"]
[SourceDate "2021.07.31"]
[SourceVersion "1"]
[SourceVersionDate "2021.07.31"]
[SourceQuality "1"]

1. e4 c5 2. Nf3 e6 3. c3 d5 4. e5 d4 5. cxd4 cxd4 6. Bb5+ Nc6 7. Bxc6+ bxc6 8. Qa4 Bd7 9. Qxd4 c5 10. Qf4 Be7 11. Nc3 Nh6 12. 0-0 Nf5 13. Ne4 0-0 14. d3 Bb5 15. Rd1 Nd4 16. Be3 Ne2+ 17. Kf1 Nxf4 0-1

[Event "Arandjelovac IM 2nd"]
[Site "Arandjelovac"]
[Date "2021.04.14"]
[Round "7"]
[White "Stankovic, Milos"]
[Black "Ince, Safiye Oyku"]
[Result "1-0"]
[WhiteElo "2424"]
[BlackElo "1995"]
[PlyCount "95"]
[EventDate "2021.04.10"]
[EventType "tourn"]
[EventRounds "9"]
[EventCountry "SRB"]
[SourceTitle "CBM 201 Extra"]
[Source "ChessBase"]
[SourceDate "2021.05.31"]
[SourceVersion "1"]
[SourceVersionDate "2021.05.31"]
[SourceQuality "1"]

1. d4 Nf6 2. Nc3 d5 3. Bf4 e6 4. e3 Bd6 5. Qf3 a6 6. g4 b5 7. g5 Nfd7 8. Bd3 b4 9. Nce2 Bxf4 10. Qxf4 c5 11. Ng3 c4 12. Be2 f6 13. Qd6 Qe7 14. Qxe7+ Kxe7 15. gxf6+ Nxf6 16. Bf3 Bb7 17. N1e2 Nbd7 18. h4 g6 19. Nf4 Rhg8 20. 0-0-0 Nb6 21. Bg2 Ne4 22. Nxe4 dxe4 23. Bh3 Bd5 24. c3 a5 25. Rhg1 Kf7 26. Rg5 h6 27. Re5 Rae8 28. f3 g5 29. Nxd5 Nxd5 30. fxe4 Nxe3 31. Re1 g4 32. Rxe3 gxh3 33. Rxh3 Rg1+ 34. Kd2 Rg2+ 35. Ke3 bxc3 36. bxc3 Rxa2 37. Rc5 Ra4 38. Rf3+ Kg7 39. Rg3+ Kf7 40. h5 Ra1 41. Rf3+ Ke7 42. Rxc4 Re1+ 43. Kd3 Rh1 44. Rc7+ Kd6 45. Rff7 Rh3+ 46. Kc4 e5 47. Rcd7+ Kc6 48. d5+ 1-0

[Event "Arandjelovac ASK IM 1st"]
[Site "Arandjelovac"]
[Date "2021.04.09"]
[Round "9"]
[White "Ince, Safiye Oyku"]
[Black "Ajay, Karthikeyan"]
[Result "0-1"]
[WhiteElo "1995"]
[BlackElo "2315"]
[PlyCount "64"]
[EventDate "2021.04.03"]
[EventType "tourn"]
[EventRounds "9"]
[EventCountry "SRB"]
[SourceTitle "CBM 201 Extra"]
[Source "ChessBase"]
[SourceDate "2021.05.31"]
[SourceVersion "1"]
[SourceVersionDate "2021.05.31"]
[SourceQuality "1"]

1. e4 d6 2. d4 Nf6 3. Nc3 g6 4. h4 h5 5. Bg5 c6 6. Qd2 b5 7. f3 Nbd7 8. 0-0-0 Nb6 9. Bd3 Bg7 10. e5 Nfd5 11. exd6 Qxd6 12. Ne4 Qc7 13. Ne2 Nc4 14. Bxc4 bxc4 15. Nf4 Rb8 16. Nxd5 cxd5 17. Bf4 e5 18. Bxe5 Bxe5 19. dxe5 dxe4 20. Qc3 Be6 21. Rd6 Qc5 22. fxe4 Rb5 23. Rhd1 0-0 24. Rd8 Rxd8 25. Rxd8+ Kg7 26. a4 Rb7 27. Rd3 Qb4 28. Qxb4 Rxb4 29. Ra3 Bd7 30. Kd2 Rxa4 31. Rxa4 Bxa4 32. Kc3 Kf8 0-1

[Event "Arandjelovac ASK IM 1st"]
[Site "Arandjelovac"]
[Date "2021.04.08"]
[Round "8"]
[White "Savic, Miodrag R"]
[Black "Ince, Safiye Oyku"]
[Result "1-0"]
[WhiteElo "2448"]
[BlackElo "1995"]
[PlyCount "53"]
[EventDate "2021.04.03"]
[EventType "tourn"]
[EventRounds "9"]
[EventCountry "SRB"]
[SourceTitle "CBM 201 Extra"]
[Source "ChessBase"]
[SourceDate "2021.05.31"]
[SourceVersion "1"]
[SourceVersionDate "2021.05.31"]
[SourceQuality "1"]

1. e4 Nf6 2. e5 Nd5 3. d4 d6 4. Nf3 g6 5. Bc4 c6 6. 0-0 Bg7 7. exd6 Qxd6 8. Nbd2 0-0 9. Re1 b5 10. Bb3 Nd7 11. Ne4 Qc7 12. c3 Bb7 13. Bg5 a5 14. a4 N7b6 15. Nc5 bxa4 16. Bxd5 Nxd5 17. c4 Nf6 18. Qxa4 e6 19. Ne5 h6 20. Bd2 Rfb8 21. Bxa5 Qd6 22. Qd1 Bc8 23. b4 Bd7 24. Qf3 Be8 25. Rad1 Nh7 26. Qg3 f6 27. Ne4 1-0

[Event "Arandjelovac ASK IM 1st"]
[Site "Arandjelovac"]
[Date "2021.04.07"]
[Round "7"]
[White "Ince, Safiye Oyku"]
[Black "Vetokhin, Savva"]
[Result "0-1"]
[WhiteElo "1995"]
[BlackElo "2261"]
[PlyCount "84"]
[EventDate "2021.04.03"]
[EventType "tourn"]
[EventRounds "9"]
[EventCountry "SRB"]
[SourceTitle "CBM 201 Extra"]
[Source "ChessBase"]
[SourceDate "2021.05.31"]
[SourceVersion "1"]
[SourceVersionDate "2021.05.31"]
[SourceQuality "1"]

1. e4 e5 2. Nc3 Nf6 3. g3 Bc5 4. Bg2 0-0 5. Nge2 c6 6. 0-0 d5 7. exd5 cxd5 8. d4 exd4 9. Nxd4 Bg4 10. Qd3 Bxd4 11. Qxd4 Nc6 12. Qf4 Qd7 13. h3 Bxh3 14. Bd2 Bxg2 15. Kxg2 d4 16. Ne2 Rfe8 17. Rae1 Qd5+ 18. f3 Re5 19. Nc1 Rf5 20. Qc7 Ne5 21. Bf4 Ng6 22. Nd3 Ne8 23. c4 Nxc7 24. cxd5 Nxf4+ 25. Nxf4 Nxd5 26. Nxd5 Rxd5 27. Re7 Rb5 28. b3 Rd8 29. Rd1 Kf8 30. Rc7 d3 31. Rd2 h5 32. Kf2 g5 33. Rc4 Rbd5 34. Rc7 R5d7 35. Rc5 Rd5 36. Rc7 R8d7 37. Rc8+ Kg7 38. Ra8 a6 39. Re8 Rc5 40. Re4 Rc2 41. Ke1 Kf6 42. Re3 h4 0-1

[Event "Titled Tuesday intern op 23rd Mar"]
[Site "Chess.com INT"]
[Date "2021.03.23"]
[Round "8"]
[White "Ince, Safiye Oyku"]
[Black "Botea, David Alexandru"]
[Result "0-1"]
[WhiteElo "1995"]
[BlackElo "2000"]
[PlyCount "34"]
[EventDate "2021.03.23"]
[EventType "swiss (blitz)"]
[EventRounds "11"]
[EventCountry "USA"]
[SourceTitle "CBM 201 Extra"]
[Source "ChessBase"]
[SourceDate "2021.05.31"]
[SourceVersion "1"]
[SourceVersionDate "2021.05.31"]
[SourceQuality "1"]

1. e4 d6 2. d4 Nf6 3. Nc3 g6 4. f3 Bg7 5. Be3 c6 6. Qd2 b5 7. g4 Qa5 8. g5 Nfd7 9. h4 a6 10. h5 Rg8 11. hxg6 hxg6 12. Nge2 c5 13. dxc5 Nxc5 14. 0-0-0 Be6 15. Bxc5 dxc5 16. Nf4 Bxc3 17. bxc3 Qa3+ 0-1

[Event "Titled Tuesday intern op 09th Feb"]
[Site "Chess.com INT"]
[Date "2021.02.09"]
[Round "11"]
[White "Ince, Safiye Oyku"]
[Black "Kujawski, Adam"]
[Result "0-1"]
[WhiteElo "1995"]
[BlackElo "2239"]
[PlyCount "96"]
[EventDate "2021.02.09"]
[EventType "swiss (blitz)"]
[EventRounds "11"]
[EventCountry "USA"]
[SourceTitle "EXT 2022"]
[Source "ChessBase"]
[SourceDate "2021.10.06"]
[SourceVersion "1"]
[SourceVersionDate "2021.10.06"]
[SourceQuality "1"]

1. e4 e5 2. Nc3 Nf6 3. g3 Bc5 4. Bg2 d6 5. Nge2 a6 6. 0-0 Ba7 7. d3 Nc6 8. h3 Be6 9. Nd5 Bxd5 10. exd5 Ne7 11. d4 Nexd5 12. c4 Ne7 13. Bxb7 Rb8 14. Bg2 0-0 15. Bg5 Ng6 16. dxe5 dxe5 17. Qxd8 Rfxd8 18. b3 a5 19. Rad1 h6 20. Bxf6 gxf6 21. Nc3 Kg7 22. Nd5 c6 23. Ne3 Bxe3 24. fxe3 c5 25. Bd5 a4 26. bxa4 Rb4 27. e4 Rxa4 28. Rd2 Rd6 29. Rb2 Rda6 30. Rb7 Ra7 31. Rb6 R4a6 32. Rxa6 Rxa6 33. Rf2 Ra3 34. Kg2 Nf8 35. Rb2 Ne6 36. Bxe6 fxe6 37. Kf2 h5 38. Rb7+ Kg6 39. Rb6 Rxa2+ 40. Kf3 Rc2 41. Rxe6 Rxc4 42. Re8 Rc3+ 43. Kf2 h4 44. gxh4 Rxh3 45. Rg8+ Kf7 46. Rc8 Rxh4 47. Ke3 Rh3+ 48. Kd2 Kg6 0-1